UBT Library

Interne Revision : Financial Audit Dolose Handlung (Record no. 256)

000 -LEADER
fixed length control field 00562nam a22001937a 4500
008 - FIXED-LENGTH DATA ELEMENTS--GENERAL INFORMATION
fixed length control field 131111b xxu||||| |||| 00| 0 ger d
020 ## - INTERNATIONAL STANDARD BOOK NUMBER
International Standard Book Number 3854283504
041 0# - LANGUAGE CODE
Language code of text/sound track or separate title ger
080 ## - UNIVERSAL DECIMAL CLASSIFICATION NUMBER
Universal Decimal Classification number 336
245 00 - TITLE STATEMENT
Title Interne Revision : Financial Audit Dolose Handlung
260 ## -
-- Wien :
-- Service Fachverlag ;
-- 1996.
300 ## -
-- 109 f. ;
-- 24 cm.
490 ## -
-- Arbeitsgemeinschaft Interne Revision
-- 12
500 ## -
-- Vorwort : f. I
505 ## -
-- Literaturverzeichnis : f. 103 - 109
650 ## -
-- Financa
650 ## -
-- Kontrolli (Revizioni) i llogarisë
942 ## - ADDED ENTRY ELEMENTS (KOHA)
Source of classification or shelving scheme
Item type Books
Holdings
Withdrawn status Lost status Source of classification or shelving scheme Damaged status Not for loan Collection code Permanent location Current location Shelving location Date acquired Total Checkouts Full call number Barcode Date last seen Koha item type
          Koleksioni i përgjithshem UBT - Prishtine UBT - Prishtine Koleksioni i përgjithshem 11/11/2013   336 FIN 001-000298 11/11/2013 Books
UBT Library © 2015-2024. All rights reserved University Education for Business and Technology